000 00667nam a2200205Ia 4500
003 GCL
005 20240530102039.0
008 140319s9999 xx 000 0 ara d
040 _aGCL /
_cGCL
082 0 4 _a226.4
_bج ن
100 1 _aجلال الدين عبدالرحمن ابى بكر
245 1 0 _aالنسخ حقيقته واحكامه /
_cجلال الدين عبدالرحمن ابى بكر
260 _a[S.N] :
_bمطبعة الجبلاوى ،
_c1990
300 _a111 ص
650 0 4 _aالاسلام
650 0 4 _aالفقه الاسلامى
650 0 4 _aالناسخ والمنسوخ والقران
650 0 4 _aالقران
942 _2ddc
_cBK
999 _c29401
_d29401